[Event "Moscow-ch op"]
[Site "Moscow"]
[Date "1998.??.??"]
[Round "6"]
[White "Kastanieda, Georgiy"]
[Black "Zaitsev, Igor A"]
[Result "1/2-1/2"]
[WhiteElo "2395"]
[BlackElo "2485"]

1.d4 Nf6 2.Nf3 d6 3.c4 g6 4.g3 Bg7 5.Bg2 O-O 6.O-O Bd7 7.Nc3 Nc6 8.d5 Nb4
9.Bg5 h6 10.Bd2 a5 11.h3 e6 12.a3 Na6 13.dxe6 Bxe6 14.Nd4 Bxc4 15.b3 c5 16.Nf5 Bxb3
17.Qxb3 gxf5 18.Qxb7 Nc7 19.Qb1 Ne4 20.Nxe4 Rb8 21.Qc1 fxe4 22.Bxh6 f5 23.Bxg7 Kxg7
24.Qc3+ Qf6 25.Qxa5 Ne6 26.Rab1 Rxb1 27.Rxb1 c4 28.Rc1 Rc8 29.Qa6 Nd4 30.Qxc8 Nxe2+
31.Kh2 Nxc1 32.Qxc4 Nd3 33.f3 Ne5 34.Qc7+ Kg6 35.fxe4 f4 36.Qc8 fxg3+ 37.Kxg3 Qg5+
38.Kh2 Qf4+ 39.Kh1 Qd2 40.Qf5+ Kg7 41.Kh2 Qe3 42.a4 Qa3 43.Qe6 Qxa4 44.Qxd6 Qe8
45.Qc7+ Kg6 46.Kg3 Qe6 47.Qb8 Qf6 48.Qg8+ Kh6 49.Kh2 Ng6 50.Qb8 Ne5 51.Qb3 Kg7
52.Qe3 Kg6 53.Kg3 Qd6 54.Qf4 Qd3+ 55.Bf3 Qd4 56.Qf5+ Kg7 57.Qg5+ Kh7 58.Bg2 Qd6
59.Qf4 Qe6 60.Bf3 Qg8+ 61.Kh2 Qa2+  1/2-1/2

[Event "RUS-Cup02"]
[Site "Moscow"]
[Date "1998.??.??"]
[Round "7"]
[White "Rustemov, Alexander"]
[Black "Fedorov, Alexei"]
[Result "1/2-1/2"]
[WhiteElo "2575"]
[BlackElo "2595"]

1.d4 Nf6 2.c4 g6 3.Nf3 Bg7 4.g3 O-O 5.Bg2 d6 6.Nc3 Nc6 7.O-O a6 8.b3 Rb8
9.Nd5 Nh5 10.Bb2 e6 11.Nf4 Nxf4 12.gxf4 Ne7 13.Qd2 b5 14.Rfc1 Bb7 15.Bc3 Qd7
16.e3 Rfc8 17.Qd3 f5 18.Nd2 Bxg2  1/2-1/2

[Event "Moscow-ch op"]
[Site "Moscow"]
[Date "1998.??.??"]
[Round "8"]
[White "Kastanieda, Georgiy"]
[Black "Belov, Vladimir"]
[Result "1/2-1/2"]
[WhiteElo "2395"]
[BlackElo "2280"]

1.d4 Nf6 2.Nf3 g6 3.c4 Bg7 4.g3 O-O 5.Bg2 d6 6.O-O Nbd7 7.Nc3 e5 8.e4 a6
9.d5 b5 10.cxb5 axb5 11.b4 Nb6 12.Nd2 Bd7 13.Qe2 Qe8 14.Rd1 c6 15.dxc6 Bxc6
16.Nf1 Na4 17.Bd2 Nxc3 18.Bxc3 Qe6 19.a3 Rfd8 20.Bb2 Qe7 21.Ne3 Qb7 22.Nd5 Nxd5
23.exd5 Bd7 24.Rac1 Rac8  1/2-1/2

[Event "EU-ch U14"]
[Site "Murek"]
[Date "1998.??.??"]
[Round "8"]
[White "Izoria, Zviad"]
[Black "Shkuran, Daniil"]
[Result "1-0"]
[WhiteElo "2250"]
[BlackElo "2245"]

1.d4 Nf6 2.Nf3 g6 3.c4 Bg7 4.g3 O-O 5.Bg2 d6 6.Nc3 Nbd7 7.O-O e5 8.h3 Re8
9.e4 exd4 10.Nxd4 Nc5 11.Re1 a5 12.Qc2 a4 13.Be3 c6 14.Rab1 Nfd7 15.b4 axb3
16.axb3 Ne5 17.Red1 Qe7 18.f4 Ned7 19.b4 Ne6 20.Nde2 Nc7 21.Rd2 d5 22.cxd5 cxd5
23.e5 Nxe5 24.Bc5 Qd8 25.fxe5 Bf5 26.Be4 Rxe5 27.Bxf5 Rxf5 28.Rbd1 Qg5 29.Rd3 Qh6
30.g4 Re5 31.Bd6 Ne6 32.Bxe5 Bxe5 33.Nxd5 Ng5 34.Kg2 Rd8 35.Ndf4  1-0

[Event "US-ch cadets"]
[Site "Nashville"]
[Date "1998.??.??"]
[Round "2"]
[White "Wang, P."]
[Black "Ritvin, Stanislav"]
[Result "1/2-1/2"]
[WhiteElo "2230"]
[BlackElo "2205"]

1.d4 Nf6 2.Nf3 g6 3.c4 Bg7 4.g3 O-O 5.Bg2 d6 6.O-O Nbd7 7.Nc3 e5 8.e4 exd4
9.Nxd4 Nc5 10.h3 Re8 11.Re1 a5 12.b3 c6 13.Bb2 Qb6 14.Qc2 a4 15.Rad1 Nfd7
16.Nxa4 Nxa4 17.bxa4 Qb4 18.Re3 Rxa4 19.a3 Qxc4 20.Rc3 Qa6 21.Bf1 Qa8 22.Re3 Nc5
23.Kh2 Bd7 24.f4 Qa7 25.Ree1 b5 26.e5 dxe5 27.fxe5 Ne6 28.Nxc6 Bxc6 29.Qxc6 Rb8
30.Kg2 Qb7 31.Qxb7 Rxb7 32.Rd5 b4 33.Rb5 Rxb5 34.Bxb5 Ra8  1/2-1/2

[Event "New Castle on Tyne op"]
[Site "New Castle on Tyne"]
[Date "1998.??.??"]
[Round "4"]
[White "Arkell, Keith C"]
[Black "McNab, Colin Anderson"]
[Result "1/2-1/2"]
[WhiteElo "2455"]
[BlackElo "2500"]

1.d4 d6 2.g3 g6 3.Bg2 Bg7 4.Nf3 Nf6 5.c4 O-O 6.O-O c6 7.Nc3 Qa5 8.e4 Bg4
9.h3 Bxf3 10.Bxf3 Nbd7 11.Be3  1/2-1/2

[Event "Newport ELO"]
[Site "Newport"]
[Date "1998.??.??"]
[Round "10"]
[White "Batey, Richard"]
[Black "Williams, Leighton"]
[Result "0-1"]
[WhiteElo "2045"]
[BlackElo "2240"]

1.d4 Nf6 2.c4 g6 3.g3 Bg7 4.Bg2 O-O 5.Nf3 d6 6.O-O c6 7.Nc3 Qa5 8.Bd2 Qh5
9.Bg5 h6 10.Bxf6 Bxf6 11.Qd3 Nd7 12.e4 Bg7 13.Rfe1 Re8 14.Rac1 e5 15.b4 a5
16.b5 exd4 17.Nxd4 Ne5 18.Qd1 Bg4 19.f3 Be6 20.Nxe6 fxe6 21.Nb1 c5 22.f4 Ng4
23.h4 Bd4+  0-1

[Event "Nizhnij Tagil"]
[Site "Nizhnij Tagil"]
[Date "1998.??.??"]
[Round "5"]
[White "Savon, Vladimir A"]
[Black "Kuljabin, Vadim"]
[Result "1/2-1/2"]
[WhiteElo "2425"]
[BlackElo "2450"]

1.Nf3 Nf6 2.d4 g6 3.c4 Bg7 4.g3 O-O 5.Bg2 d6 6.Nc3 Nc6 7.O-O a6 8.h3 Rb8
9.Be3 b5 10.Nd2 Bd7 11.Rc1 Na5 12.cxb5 axb5 13.b4 Nc4 14.Nxc4 bxc4 15.a3 d5
16.Qd2 e6 17.Bg5 Bc6 18.Qf4 Re8 19.Rfd1 Qd6 20.Qxd6 cxd6 21.f3 Rb6 22.Rb1 Reb8
23.Bd2 Nh5  1/2-1/2

[Event "NOR-chT"]
[Site "NOR"]
[Date "1998.??.??"]
[Round "?"]
[White "Madsen, Dag"]
[Black "Hagesaether, Halvard"]
[Result "1/2-1/2"]
[WhiteElo "2275"]
[BlackElo "2215"]

1.d4 Nf6 2.c4 g6 3.g3 Bg7 4.Bg2 O-O 5.Nf3 d6 6.O-O Nc6 7.Nc3 e5 8.d5 Ne7
9.e4 Nd7 10.Ne1 f5 11.Nd3 h6 12.f4 exf4 13.Bxf4 fxe4 14.Nxe4 Nf5 15.Qc1 Nf6
16.Nxf6+ Qxf6 17.Kh1 Qd4 18.Qc2 Ne3 19.Bxe3 Rxf1+ 20.Rxf1 Qxe3 21.Re1 Qg5
22.Nf4 Bf5 23.Be4 Re8 24.Ne6 Bxe6 25.dxe6 Kh7 26.Bxb7 Be5 27.Bd5 h5 28.Qf2 Re7
29.Rf1 Kh6 30.b3 c6 31.Bxc6 Rxe6 32.Qxa7 Rf6 33.Rxf6 Qxf6 34.Qg1 g5 35.Bg2 Bd4
36.Qf1 Bf2 37.Qd1 g4 38.a4 h4 39.gxh4 Kh5 40.h3 Kh6 41.Qd2+ Kh5 42.hxg4+ Kxg4
43.Qe2+ Kxh4 44.a5 Kg5 45.Qd2+ Qf4 46.Qxf4+  1/2-1/2

[Event "NOR-chT"]
[Site "NOR"]
[Date "1998.??.??"]
[Round "?"]
[White "Groenn, Atle"]
[Black "Gullaksen, Eirik T"]
[Result "1/2-1/2"]
[WhiteElo "2350"]
[BlackElo "2345"]

1.Nf3 g6 2.d4 Nf6 3.c4 Bg7 4.g3 O-O 5.Bg2 d6 6.O-O Nc6 7.d5 Na5 8.Nbd2 c5
9.e4 e5 10.b3 Ng4 11.Bb2 f5 12.exf5 gxf5 13.h3 Nh6 14.Nh4 Bd7 15.f4 exf4
16.Bxg7 Kxg7 17.Rxf4 Qf6 18.Ne4 Qe7 19.Nf2 Rae8 20.Qh5 Rf7 21.Rf1 Ref8 22.Nf3 Rf6
23.Re1 Qf7 24.Qxf7+ Nxf7 25.Re7 Rd8 26.Ng5 Kg6 27.Ne6 Bxe6 28.dxe6 Ng5 29.Bd5 Rff8
30.Rc7 Rde8 31.e7 Rf6 32.g4 Ne6 33.Bxe6 Rxe6 34.gxf5+ Kg5 35.f6 Kxf4 36.f7 R6xe7
37.Rxe7 Rf8 38.Ng4 Kg5 39.Kf2 h5 40.Ne3 Kg6 41.Kg3 Rxf7 42.Rxf7 Kxf7 43.Kf4 Nc6
44.Nf5 Ke6 45.Ng7+ Kf7 46.Nf5 Ke6 47.Ng7+ Kf7 48.Nxh5 Nb4 49.a3 Nc2 50.Ng3 Nxa3
51.Nf5 Ke6 52.h4 b5 53.h5 bxc4 54.h6 cxb3 55.h7 b2 56.h8=Q b1=Q 57.Qh6+ Kd5
58.Qxd6+ Kc4 59.Ne3+ Kb4 60.Nd5+ Kc4 61.Ne3+ Kb4 62.Nd5+ Kc4 63.Ne3+  1/2-1/2

[Event "NOR-chT9899"]
[Site "NOR"]
[Date "1998.??.??"]
[Round "1"]
[White "Moen, Andreas"]
[Black "Trygstad, Kristian"]
[Result "1/2-1/2"]
[WhiteElo "2210"]
[BlackElo "2205"]

1.d4 Nf6 2.Nf3 g6 3.c4 Bg7 4.g3 O-O 5.Bg2 d6 6.O-O Nbd7 7.Nc3 e5 8.b3 exd4
9.Nxd4 Re8 10.e4 a6 11.Bg5 h6 12.Be3 Rb8 13.f3 Ne5 14.Qd2 Kh7 15.Rad1 Bd7
16.h3 Qc8 17.Kh2 b5 18.f4 b4 19.Nce2 Nxc4 20.bxc4 Nxe4 21.Qd3 Nc5 22.Qd2 Ne4
23.Qd3 Nc5 24.Qd2  1/2-1/2

[Event "Wch U14"]
[Site "Oropesa del Mar"]
[Date "1998.??.??"]
[Round "9"]
[White "Izoria, Zviad"]
[Black "Efimenko, Zahar"]
[Result "0-1"]
[WhiteElo "2250"]
[BlackElo "2330"]

1.d4 Nf6 2.Nf3 g6 3.c4 Bg7 4.g3 O-O 5.Bg2 d6 6.Nc3 Nc6 7.O-O e5 8.d5 Ne7
9.e4 Ne8 10.Ne1 f5 11.Nd3 Nf6 12.Bd2 fxe4 13.Nxe4 Bf5 14.Re1 c6 15.dxc6 bxc6
16.Nxf6+ Bxf6 17.Bc3 Qc7 18.Qe2 Rad8 19.Rad1 Bxd3 20.Rxd3 Nf5 21.Be4 Rc8
22.Bf3 Bg7 23.Red1 Rcd8 24.Bg2 Rc8 25.Bh3 Rcd8 26.b4 Kh8 27.Bg2 Ne7 28.Qe1 Nf5
29.Qe4 Ne7 30.Qe1 Nf5 31.b5 cxb5 32.cxb5 Qc4 33.Ba5 Rb8 34.Bc6 Nd4 35.Bc7 Rxb5
36.Bxb5 Qxc7 37.Rc3 Qa5  0-1

[Event "NOR-ch"]
[Site "Oslo"]
[Date "1998.??.??"]
[Round "3"]
[White "Heim, Sverre"]
[Black "Mork, Kjell Arne"]
[Result "1/2-1/2"]
[WhiteElo "2415"]
[BlackElo "2305"]

1.Nf3 Nf6 2.c4 g6 3.g3 Bg7 4.Bg2 d6 5.d4 O-O 6.O-O Nbd7 7.Nc3 e5 8.e4 c6
9.Rb1 a5 10.h3 exd4 11.Nxd4 Nc5 12.Re1 Re8 13.b3 Nfd7 14.Be3 Nf8 15.Qd2 Be6
16.Rbd1 Qe7 17.Bh6 Bh8 18.Nd5 Qd8 19.Ne3 Qd7 20.Kh2 Qc7 21.Nxe6 Rxe6 22.f3 Rae8
23.Ng4 Nfd7 24.Be3 Nf6 25.Nh6+ Kf8 26.Bd4 Bg7 27.e5 Rxe5 28.Rxe5 Rxe5 29.Bxe5 dxe5
30.Ng4 Nfd7 31.Nf2 f5 32.Nd3 Ne6 33.Ne1 Nd4 34.Nc2 c5 35.Ne3 b6 36.Nd5 Qd6
37.Qg5 Nf6 38.Nxf6 Bxf6 39.Qh6+ Kg8 40.Qe3  1/2-1/2

[Event "Pardubice Czech op"]
[Site "Pardubice"]
[Date "1998.??.??"]
[Round "1"]
[White "Burmakin, Vladimir"]
[Black "Balcerak, Jakob"]
[Result "1-0"]
[WhiteElo "2550"]
[BlackElo "2315"]

1.d4 Nf6 2.Nf3 g6 3.c4 Bg7 4.g3 O-O 5.Bg2 d6 6.O-O Nbd7 7.Nc3 e5 8.h3 c6
9.e4 Qa5 10.Be3 exd4 11.Bxd4 Nb6 12.Nd2 Be6 13.Qf3 Qg5 14.Qe2 Nh5 15.Bxg7 Kxg7
16.Kh2 Rad8 17.b3 Rfe8 18.Nf3 Qc5 19.Qb2 Kg8 20.Rad1 Ng7 21.Qd2 a5 22.e5 d5
23.g4 Bc8 24.cxd5 cxd5 25.Rfe1 Ne6 26.Nd4 Bd7 27.Nce2 a4 28.Rc1 Qe7 29.Nxe6 fxe6
30.Qa5 Nc8 31.bxa4 Qa3 32.Nc3 Bc6 33.Rb1 Rf8 34.Rb3 Qe7 35.f4 Rf7 36.Nb5 Rdf8
37.Rf1 Qd8 38.Qc3 Bxb5 39.axb5 Ne7 40.a4  1-0

[Event "Pardubice Czech op"]
[Site "Pardubice"]
[Date "1998.??.??"]
[Round "2"]
[White "Polyakova, Natalia"]
[Black "Khmelnitsky, Sergei"]
[Result "1/2-1/2"]
[WhiteElo "2215"]
[BlackElo "2420"]

1.d4 Nf6 2.Nf3 g6 3.c4 Bg7 4.g3 O-O 5.Bg2 d6 6.O-O Nbd7 7.Nc3 e5 8.h3 Re8
9.dxe5 dxe5 10.e4 c6 11.Be3 a5 12.Nd2 Nf8 13.c5 Be6 14.Qe2 Qc7 15.Nc4 Bxc4
16.Qxc4 Ne6 17.Rad1 Rad8 18.Ne2 Bf8 19.a3 Nd7 20.b4 axb4 21.axb4 b6 22.cxb6 Nxb6
23.Qa6 Rb8 24.Rb1 Nd7 25.Rfc1 Rxb4 26.Rxb4 Bxb4 27.Rxc6 Qd8 28.Qc4 Be7 29.Kh2 Bg5
30.Qd3 Bxe3 31.Qxe3 Nf6 32.Nc3  1/2-1/2

[Event "Paris op"]
[Site "Paris"]
[Date "1998.??.??"]
[Round "3"]
[White "Giua, Frederic"]
[Black "Safranska, Anda"]
[Result "1-0"]
[WhiteElo "2095"]
[BlackElo "2275"]

1.d4 Nf6 2.Nf3 g6 3.g3 Bg7 4.Bg2 O-O 5.c4 d6 6.O-O Nc6 7.Nc3 a6 8.b3 Rb8
9.Bb2 b5 10.cxb5 axb5 11.d5 Na5 12.Nd4 b4 13.Ncb5 e5 14.dxe6 fxe6 15.Nc6 Nxc6
16.Bxc6 Bd7 17.Bxd7 Qxd7 18.Nd4 c5 19.Nf3 Ne4 20.Bxg7 Qxg7 21.Qd3 d5 22.Rac1 Ra8
23.Rc2 Ra5 24.Nd2 Nc3 25.a4 e5 26.e4 d4 27.f4 exf4 28.gxf4 Ra7 29.Nc4 Qh6
30.Rcf2 Raf7 31.f5 gxf5 32.exf5 Rg7+ 33.Kh1 Nd5 34.f6 Nxf6 35.Qf5 Kh8 36.Qe6 Qg5
37.Qd6 Rfg8 38.Qxf6  1-0

[Event "Paris op"]
[Site "Paris"]
[Date "1998.??.??"]
[Round "5"]
[White "Giua, Frederic"]
[Black "Lebrun, Xavier"]
[Result "0-1"]
[WhiteElo "2095"]
[BlackElo "2230"]

1.d4 Nf6 2.Nf3 g6 3.g3 Bg7 4.Bg2 O-O 5.c4 d6 6.O-O Nbd7 7.Nc3 c6 8.e4 e5
9.h3 Re8 10.Re1 exd4 11.Nxd4 Nc5 12.b3 a5 13.Bf4 Nh5 14.Be3 Qe7 15.Qc2 Be5
16.Rad1 Qf8 17.Kh2 f5 18.exf5 gxf5 19.f4 Bf6 20.Bf3 Ng7 21.Bf2 Bd7 22.Nde2 Rad8
23.Rd2 Bc8 24.Red1 Qe7 25.Re1 Ne4 26.Nd4 d5 27.cxd5 cxd5 28.Bxe4 fxe4 29.Nd1 Qd7
30.g4 h5 31.Ne3 hxg4 32.hxg4 Qd6 33.Bg3 Kf7 34.Ndf5 Qc6 35.Nd4 Bxd4 36.Rxd4 Qxc2+
37.Nxc2 Bxg4 38.Ne3 Be6 39.Bh4 Rd7 40.Rf1 Rh8 41.Kg3 Nh5+ 42.Kf2 Nf6 43.Bg3 Rc7
44.f5 Rc3 45.fxe6+ Kxe6 46.Ke2 Ng4 47.Nxg4 Rxg3 48.Ne3 Rhh3 49.Nxd5 Ke5 50.Rdd1 Rd3
51.Rxd3 exd3+ 52.Kd2 Kxd5 53.Kc3 b5 54.Rf5+ Ke4 55.Rxb5 Rh2 56.b4 a4  0-1

[Event "Paris op"]
[Site "Paris"]
[Date "1998.??.??"]
[Round "6"]
[White "Dizdar, Goran"]
[Black "Berthelot, Yannick"]
[Result "1-0"]
[WhiteElo "2570"]
[BlackElo "2310"]

1.d4 Nf6 2.Nf3 g6 3.c4 Bg7 4.g3 O-O 5.Bg2 d6 6.O-O Nbd7 7.Nc3 e5 8.h3 c6
9.e4 Qb6 10.c5 dxc5 11.dxe5 Ne8 12.Na4 Qa6 13.e6 fxe6 14.Ng5 b5 15.Nc3 Ne5
16.f4 Nf7 17.Nxf7 Bd4+ 18.Kh2 Rxf7 19.Ne2 Qb6 20.Nxd4 cxd4 21.b4 a5 22.Bb2 axb4
23.Qxd4 Qxd4 24.Bxd4 Nc7 25.Be5 Na6 26.Rad1 Bd7 27.Rd2 Ra7 28.g4 Kf8 29.f5 Ke8
30.Bd6 c5 31.e5 gxf5 32.gxf5 Rxf5 33.Rg1 c4 34.Be4 c3 35.Rg8+ Kf7 36.Rdg2  1-0

[Event "World op"]
[Site "Philadelphia"]
[Date "1998.??.??"]
[Round "7"]
[White "Ippolito, Dean"]
[Black "Rajlich, Vasik G"]
[Result "1/2-1/2"]
[WhiteElo "2435"]
[BlackElo "2265"]

1.d4 Nf6 2.c4 g6 3.Nf3 Bg7 4.g3 O-O 5.Bg2 d6 6.O-O Nbd7 7.Nc3 e5 8.e4 exd4
9.Nxd4 Re8 10.h3 a6 11.Re1 Rb8 12.Be3 Ne5 13.b3 c5 14.Nc2 b5 15.cxb5 axb5
16.Bg5 h6 17.Bxf6 Bxf6 18.Nd5 Bg7 19.Nce3 Nc6 20.Rc1 Qa5 21.Re2 Nd4 22.Rd2 Bxh3
23.b4 Qa4 24.Bxh3 Qxd1+ 25.Rdxd1 Ne2+ 26.Kf1 Nxc1 27.Rxc1 Rxe4 28.bxc5 dxc5
29.Rxc5 Ra4 30.Bd7  1/2-1/2

[Event "Plzen opJ-D"]
[Site "Plzen"]
[Date "1998.??.??"]
[Round "5"]
[White "Kalvach, L."]
[Black "Endler, B."]
[Result "1/2-1/2"]
[WhiteElo "1855"]
[BlackElo "1765"]

1.Nf3 Nf6 2.g3 d6 3.d4 g6 4.Bg2 Bg7 5.c4 O-O 6.Nc3 Nbd7 7.O-O e5 8.e3 Re8
9.b3 exd4 10.Nxd4 Nc5 11.Qc2 Rb8 12.Bb2 Bd7 13.Rfe1 a6 14.b4 Ne6 15.Rad1 Qe7
16.Nb3 Ng5 17.h4 Nge4 18.Nxe4 Nxe4 19.Bxg7 Kxg7 20.Rd4 Nf6 21.Qe2 Be6 22.Red1 h5
23.Qb2 Bg4 24.R1d2 Qe5 25.c5 dxc5 26.Nxc5 c6 27.Rd6 Qxb2 28.Rxb2 Re7 29.Rbd2 Ne8
30.Rd8 Rxd8 31.Rxd8 Be2 32.Nxb7 Rxb7 33.Bxc6 Rxb4 34.Rxe8 Bc4 35.Re4 Rb1+
36.Kg2 Bxa2 37.Kf3  1/2-1/2

[Event "Pribram Cup"]
[Site "Pribram"]
[Date "1998.??.??"]
[Round "?"]
[White "Smejkal, Jan"]
[Black "Lechtynsky, Jiri"]
[Result "1-0"]
[WhiteElo "2525"]
[BlackElo "2370"]

1.c4 Nf6 2.Nf3 g6 3.d4 Bg7 4.g3 O-O 5.Bg2 d6 6.O-O c6 7.Nc3 Qa5 8.e4 Bg4
9.h3 Bxf3 10.Bxf3 Nfd7 11.Be3 Qb4 12.Qb3 a5 13.Be2 Nb6 14.c5 dxc5 15.dxc5 N6d7
16.Na4 Qxe4 17.Qxb7 Qxa4 18.Qxa8 Qb4 19.Rad1 Nxc5 20.Bxc5 Qxc5 21.Qb7 Bd4
22.Bf3 e5 23.Rc1 Bxf2+ 24.Kg2 Qe3 25.Rc3 Qb6 26.Qxb6 Bxb6 27.Bxc6 Bd4 28.Rc2 Nxc6
29.Rxc6 Bxb2 30.Rb1 Bd4 31.a4 e4 32.Rc4 Bf6 33.Rxe4 Rc8  1-0

[Event "Rio de Janeiro op"]
[Site "Rio de Janeiro"]
[Date "1998.??.??"]
[Round "7"]
[White "Goczo, Melinda"]
[Black "Dworakowska, Joanna"]
[Result "0-1"]
[WhiteElo "2170"]
[BlackElo "2355"]

1.d4 Nf6 2.Nf3 g6 3.c4 Bg7 4.g3 O-O 5.Bg2 d6 6.O-O Nbd7 7.Nc3 e5 8.h3 c6
9.Qc2 Qe7 10.e4 exd4 11.Nxd4 Nc5 12.Be3 Re8 13.Rfe1 a5 14.Rad1 Nfd7 15.b3 Nf8
16.Kh2 Rd8 17.f4 Bd7 18.a3 Re8 19.Bf2 h5 20.b4 axb4 21.axb4 Nce6 22.Nde2 Qf6
23.h4 Qe7 24.Na4  0-1

[Event "SWE-ch qualB"]
[Site "Ronneby"]
[Date "1998.??.??"]
[Round "?"]
[White "Wikstrom, Per"]
[Black "Couso, Luis"]
[Result "0-1"]
[WhiteElo "2195"]
[BlackElo "2235"]

1.d4 Nf6 2.Nf3 g6 3.c4 Bg7 4.g3 O-O 5.Bg2 d6 6.Nc3 c6 7.O-O Bf5 8.Nh4 Be6
9.d5 cxd5 10.cxd5 Bd7 11.Be3 Qa5 12.h3 Na6 13.a3 Rfc8 14.Qd2 Qd8 15.Rab1 Nc5
16.b4 Na4 17.Nxa4 Bxa4 18.Rfc1 a6 19.Bd4 Qf8 20.Bf3 Bd7 21.Kh2 Rxc1 22.Rxc1 Rc8
23.e3 Rxc1 24.Qxc1 Qc8 25.Qxc8+ Bxc8 26.Ng2 Bd7 27.Nf4 Bb5 28.h4 Nd7 29.Bg4 Ne5
30.Bd1 Nc4 31.a4 Bd7 32.Be2 Nd2 33.Bxg7 Kxg7 34.b5 a5 35.Nd3 Bf5 36.b6 Bxd3
37.Bxd3 Nb3 38.f4 e6 39.dxe6 fxe6 40.g4 Nc5 41.Bb5 Kf6 42.Kg3 Ne4+ 43.Kf3 d5
44.Bd3 Nc5 45.Bb5 e5 46.fxe5+ Kxe5 47.Be8 Ne4 48.h5 gxh5 49.gxh5 h6 50.Ke2 Nd6
51.Bd7 Nc4 52.Bc6 Nxb6 53.Bxb7 Nxa4 54.Bc6 Nc5 55.Kd2 Ne4+ 56.Kc2 Nf6 57.Kb3 Nxh5
58.Ka4 Nf6 59.Kxa5 Ke4  0-1

[Event "ESP-chT"]
[Site "Salamanca"]
[Date "1998.??.??"]
[Round "2"]
[White "Gomez Esteban, Juan Mario"]
[Black "Mowsziszian, Karen"]
[Result "1-0"]
[WhiteElo "2475"]
[BlackElo "2525"]

1.d4 Nf6 2.c4 g6 3.g3 Bg7 4.Bg2 O-O 5.Nf3 d6 6.O-O Nbd7 7.Nc3 e5 8.e4 exd4
9.Nxd4 Nc5 10.h3 Re8 11.Re1 Bd7 12.Bf4 Qc8 13.Kh2 h6 14.b4 Ne6 15.Nxe6 Bxe6
16.Nd5 Nh5 17.Be3 Bxa1 18.Qxa1 c6 19.g4 cxd5 20.gxh5 dxc4 21.Bxh6 c3 22.Re3 Qc4
23.Rg3 Rac8 24.Qd1 Kh7 25.Be3 Qb5 26.Rg5 Qd7 27.Bd4 Kg8 28.hxg6 f6 29.Bxf6 Bg4
30.hxg4 c2 31.Qd5+ Qe6 32.Rh5  1-0

[Event "San Jose op"]
[Site "San Jose"]
[Date "1998.??.??"]
[Round "1"]
[White "Delgado Montanes, Jose Antonio"]
[Black "Alvarez, MA."]
[Result "1-0"]
[WhiteElo "2125"]
[BlackElo "1800"]

1.d4 Nf6 2.Nf3 g6 3.c4 Bg7 4.g3 d6 5.Bg2 O-O 6.O-O Nbd7 7.Nc3 c6 8.h3 Re8
9.e4 e5 10.dxe5 dxe5 11.Be3 Qe7 12.Qc2 Nh5 13.Rfd1 Ndf6 14.c5 h6 15.Rd6 g5
16.Nh2 Be6 17.b3 Kh8 18.Rad1 Rg8 19.Nf1 Bf8 20.Qd2 Kh7 21.Kh2 Rg6 22.Na4 Kg7
23.Qa5 Ne8 24.R6d3 Qc7 25.Nb6 a6 26.Qc3  1-0

[Event "Staufer op 10th"]
[Site "Schwaebisch Gmuend"]
[Date "1998.??.??"]
[Round "9"]
[White "Jurek, Josef"]
[Black "Hitzgerova, Gabriela"]
[Result "0-1"]
[WhiteElo "2395"]
[BlackElo "2170"]

1.d4 Nf6 2.Nf3 g6 3.c4 Bg7 4.g3 O-O 5.Bg2 d6 6.O-O Nc6 7.d5 Na5 8.Nbd2 c5
9.Ne1 Rb8 10.Rb1 b5 11.cxb5 Rxb5 12.Nc2 Bd7 13.b4 cxb4 14.Nxb4 Qb6 15.a3 Ng4
16.Bb2 Ne5 17.h3 Rc8 18.e3 Nec4 19.Bxg7 Kxg7 20.Nxc4 Nxc4 21.Qd3 Ne5 22.Qd4 a5
23.Qxb6 Rxb6 24.Na2 Rxb1 25.Rxb1 Rc2 26.Nc1 Rc3 27.Nb3 a4 28.Nd4 Nd3 29.Nc6 Kf6
30.Rb7 Nc5 31.Rc7 Rxa3 32.e4 Rc3 33.f4 a3 34.Ra7 Rxg3 35.h4 Rc3 36.Kh2 e5
37.dxe6 Bxe6 38.Nd4 Bc4 39.Ra4 Ne6 40.e5+ dxe5 41.fxe5+ Kg7 42.Nc6 Nf4 43.Be4 Re3  0-1

[Event "ROM-chT"]
[Site "Sovata"]
[Date "1998.??.??"]
[Round "3"]
[White "Ionescu, Constantin"]
[Black "Sofronie, Iulian"]
[Result "1/2-1/2"]
[WhiteElo "2495"]
[BlackElo "2405"]

1.Nf3 Nf6 2.c4 g6 3.g3 Bg7 4.Bg2 d6 5.d4 O-O 6.Nc3 Nc6 7.O-O e5 8.d5 Ne7
9.c5 Ne8 10.cxd6 cxd6 11.e4 h6 12.Ne1 f5 13.Nd3 fxe4 14.Bxe4 Bh3 15.Bg2 Bxg2
16.Kxg2 g5 17.a4 Qd7 18.a5 Nf6 19.Nb4 Rac8 20.Be3 Nf5 21.Qe2  1/2-1/2

[Event "Petrov mem"]
[Site "St Petersburg"]
[Date "1998.??.??"]
[Round "1"]
[White "Burmakin, Vladimir"]
[Black "Frolov, Denis"]
[Result "1/2-1/2"]
[WhiteElo "2550"]
[BlackElo "2350"]

1.d4 Nf6 2.c4 g6 3.g3 Bg7 4.Bg2 O-O 5.Nf3 d6 6.O-O Nbd7 7.Nc3 e5 8.h3 Re8
9.e4 exd4 10.Nxd4 Nc5 11.Re1 a5 12.Qc2 Nfd7 13.Nb3 Na6 14.Qe2 Nb4 15.a3 Nc6
16.Be3 a4 17.Nc1 Nc5 18.Rd1 Bxc3 19.Bxc5 Qf6 20.bxc3 dxc5 21.Nd3 Qxc3 22.Nxc5 Ne5
23.Nd3 Nxd3 24.Qxd3 Qxd3 25.Rxd3 Be6 26.Rc3 Ra5 27.Rb1 b6 28.f4 Rd8 29.Bf1 Rd4
30.Re1 Rc5 31.Kf2 Rc6 32.Ke3 Rcd6 33.e5 Rd8 34.g4 Rd1 35.Rxd1 Rxd1 36.Bg2 h5
37.Bf3 Ra1 38.gxh5 gxh5 39.Bxh5 Bxh3 40.Bf3 Be6 41.Be4 Re1+ 42.Kf3 Rf1+ 43.Kg3 Rg1+
44.Kf2 Rg4 45.Kf3 Rh4 46.Ke3 Rh3+ 47.Kd2 Rh4 48.Ke3 Rh3+  1/2-1/2

[Event "Petrov mem"]
[Site "St Petersburg"]
[Date "1998.??.??"]
[Round "2"]
[White "Rustemov, Alexander"]
[Black "Komarov, Anatoly"]
[Result "1-0"]
[WhiteElo "2575"]
[BlackElo "2060"]

1.d4 Nf6 2.c4 g6 3.Nf3 Bg7 4.g3 O-O 5.Bg2 d6 6.Nc3 Nbd7 7.d5 Nc5 8.Be3 Nfe4
9.Nxe4 Nxe4 10.Bd4 Nf6 11.O-O c5 12.Bc3 a6 13.a4 b6 14.Nd2 Rb8 15.e4 Qc7
16.Re1 Nd7 17.Bxg7 Kxg7 18.Qc2 b5 19.f4 bxc4 20.a5 Rb4 21.Nxc4 Nb8 22.Rac1 Kg8
23.Qc3 Qd8 24.e5 Rb7 25.Re3 Bf5 26.h3 h5 27.Kh2 Rc7 28.Rce1 Rc8 29.Bf3 Rc7
30.g4  1-0

[Event "SVK-chT2C 9899"]
[Site "SVK"]
[Date "1998.??.??"]
[Round "1"]
[White "Banduka, Zeljko"]
[Black "Marman, Vladimir"]
[Result "0-1"]
[WhiteElo "2150"]
[BlackElo "2200"]

1.d4 Nf6 2.c4 g6 3.g3 Bg7 4.Bg2 O-O 5.Nf3 d6 6.Nc3 Nbd7 7.O-O a6 8.h3 Rb8
9.a4 h6 10.e4 e5 11.d5 Nh7 12.Nh2 f5 13.f4 exf4 14.Bxf4 Nc5 15.Be3 Ng5  0-1

[Event "SVK-chT 9899"]
[Site "SVK"]
[Date "1998.??.??"]
[Round "1"]
[White "Horvath, M."]
[Black "Hlinka, Vasil"]
[Result "1-0"]
[WhiteElo "2245"]
[BlackElo "2190"]

1.d4 Nf6 2.c4 g6 3.g3 Bg7 4.Bg2 d6 5.Nf3 O-O 6.Nc3 Bg4 7.h3 Bxf3 8.Bxf3 Nc6
9.Bg2 Nd7 10.Be3 e5 11.d5 Ne7 12.g4 f5 13.Qc2 a6 14.a4 e4 15.O-O-O f4 16.Bd4 f3
17.exf3 exf3 18.Bf1 Ne5 19.Bd3 b5 20.cxb5 axb5 21.Bxb5 Rf4 22.Kb1 Rxd4 23.Rxd4 c5
24.dxc6 N7xc6 25.Rd2 Kh8 26.Rhd1 Bf8 27.Ne4 Nb4 28.Qc3 Qa5 29.Nxd6 Bg7 30.Nb7  1-0

[Event "SVK-chT2C 9899"]
[Site "SVK"]
[Date "1998.??.??"]
[Round "2"]
[White "Prokaj, M."]
[Black "Maracek, I."]
[Result "1/2-1/2"]
[WhiteElo "1965"]
[BlackElo "2145"]

1.Nf3 Nf6 2.c4 g6 3.g3 Bg7 4.Bg2 d6 5.d4 O-O 6.O-O c5 7.Nc3 Nc6 8.dxc5 dxc5
9.Be3 Nd7 10.Rc1 Qa5 11.Bd2 a6 12.a3 Rb8 13.e3 Qd8 14.Qc2 b5 15.cxb5 axb5
16.Ne4 c4 17.Rfd1 Qb6 18.Bc3 Nde5 19.Nxe5 Nxe5 20.Rd5 Nd3 21.Bxg7 Kxg7 22.Qc3+ Kg8
23.Rd1 Be6 24.Rd6 b4 25.Rxb6 bxc3 26.Rxb8 Rxb8 27.bxc3 Rb3 28.Bf1 Bf5 29.Nd2 Rxa3
30.Nxc4 Rxc3 31.Bxd3 Bxd3 32.Ne5 Be2 33.Re1 Rc2 34.Nc6 Rxc6 35.Rxe2 h5 36.h4 Kg7
37.Kg2 Kf6 38.Rb2 Rc7 39.Rb5  1/2-1/2

[Event "SVK-chT 9798"]
[Site "SVK"]
[Date "1998.??.??"]
[Round "5"]
[White "Tibensky, Robert"]
[Black "Komora, Andrej"]
[Result "1-0"]
[WhiteElo "2435"]
[BlackElo "2280"]

1.d4 Nf6 2.Nf3 g6 3.c4 Bg7 4.g3 O-O 5.Bg2 d6 6.O-O Nbd7 7.Nc3 e5 8.e4 c6
9.b3 Qa5 10.Bd2 Qc7 11.Rc1 Re8 12.d5 Nf8 13.Ne1 Bd7 14.Nd3 cxd5 15.cxd5 Rac8
16.Re1 Qb6 17.a4 a6 18.Be3 Qd8 19.h3 Nh5 20.Nb2 b5 21.axb5 axb5 22.Nd3 Qa5
23.Bd2 Qb6 24.Kh2 f5 25.exf5 Bxf5 26.Be3 Qa5 27.Ne4 Rxc1 28.Bxc1 Bxe4 29.Bxe4 Nf6
30.f3 Rc8 31.Bd2 Qa2 32.Re2 Qc2 33.Qxc2 Rxc2 34.Nb4 Rc5 35.Kg2 h5 36.Kf2 Kh7
37.Na6 Rc8 38.Bb4 N8d7 39.Bxd6 Rc3 40.Re3 Nxe4+ 41.fxe4 Rc2+ 42.Ke1 Bf8 43.Bxf8 Nxf8
44.Kd1 Rh2 45.h4 Ra2 46.Nc5 Kg7 47.Rf3 Ra7 48.Kd2 b4 49.Rf1 Nd7 50.Nxd7 Rxd7
51.Rc1 g5 52.Rf1 Rc7 53.Rf5 gxh4 54.gxh4 Rc3 55.Rxe5 Kf6 56.Rf5+ Ke7 57.e5 Rxb3
58.d6+ Ke6 59.Rf6+ Kxe5 60.d7 Kxf6 61.d8=Q+ Ke5 62.Qe7+ Kd4 63.Qd6+  1-0

[Event "SVK-chT 9798"]
[Site "SVK"]
[Date "1998.??.??"]
[Round "8"]
[White "Vavrak, Peter"]
[Black "Rasik, Vitezslav"]
[Result "1-0"]
[WhiteElo "2210"]
[BlackElo "2455"]

1.d4 Nf6 2.Nf3 g6 3.g3 Bg7 4.c4 O-O 5.Bg2 d6 6.O-O Nc6 7.d5 Na5 8.Qa4 c5
9.Bd2 b6 10.Bc3 Bd7 11.Qc2 b5 12.cxb5 Bxb5 13.Na3 Qb6 14.Rfd1 Ne8 15.e4 Nc7
16.Rab1 Nb7 17.Re1 a5 18.Rbd1 Ba6 19.Bxg7 Kxg7 20.e5 Rad8 21.exd6 exd6 22.Qc3+ Kg8
23.Ng5 Rde8 24.Ne4 Rxe4 25.Rxe4 Na8 26.h4 Qd8 27.h5 Qg5 28.hxg6 hxg6 29.Rde1 Qh6
30.Re7 Qg7 31.Qxg7+ Kxg7 32.Bf1 Bxf1 33.Kxf1 Rb8 34.Nc4 a4 35.Rd7 Nd8 36.Re8  1-0